000 00466cam a2200205ua 4500
001 7987
005 20260515114258.0
008 150103n ii |||gr||||Z||||||asm
020 _a9788191069068
040 _cMAIN
041 _aasm
082 _a370
100 _aBorua, J.,
_eAuthor.,
245 1 _aUcchattar madhyamic shiksha
_cBy Jatin Borua
250 _a3rd.
260 _aGuwahati:
_bArun,
_c2013.
300 _a499p.
653 _aEducation
942 _cBK
999 _c7101
_d7101